Größte Städte Sachsen-Anhalts - Extrem - Statistiken

Allgemein
  • Dieses Quiz wurde 95 mal gespielt
  • Das Durchschnittsergebnis liegt bei 17 aus 24
Antwortstatistiken
Einwohner Stadt % Korrekt
79.655 Dessau-Roßlau⁠
98%
239.364 Magdeburg
98%
242.083 Halle
97%
39.105 Stendal
86%
45.535 Wittenberg
86%
40.457 Halberstadt
81%
32.289 Naumburg
80%
23.313 Quedlinburg
80%
34.335 Merseburg
78%
37.894 Bitterfeld-Wolfen⁠
77%
32.024 Wernigerode
77%
27.976 Zeitz
73%
22.639 Eisleben
72%
25.116 Köthen
72%
32.261 Bernburg
69%
26.604 Aschersleben
67%
23.543 Salzwedel
67%
22.689 Burg
64%
39.041 Weißenfels
63%
25.441 Sangerhausen
58%
30.389 Schönebeck
52%
21.519 Zerbst
52%
24.293 Staßfurt
48%
22.054 Gardelegen
34%
Keine übereinstimmenden Quizze gefunden
Verteilung der Resultate
Anzahl Personen mit jedem Resultat
Perzentil nach korrekt beantworteten Fragen
Ihre Resultats-Entwicklung
Sie haben dieses Quiz noch nicht gespielt